[Event "4NCL Division 2a"]
[Site "Birmingham, ENG ENG"]
[Date "2016.01.24"]
[Round "4.244"]
[White "Fraser-Mitchell, Jeremy N"]
[Black "Whatley, Stephen A J"]
[Result "1/2-1/2"]
[WhiteElo "2069"]
[BlackElo "2132"]
[EventDate "2016.01.24"]
[PlyCount "127"]
[WhiteTeam "MK Phoenix 1"]
[BlackTeam "Brown Jack Witney"]

1.f4 g6 2.Nf3 Bg7 3.g3 c5 4.Bg2 Nc6 5.O-O d5 6.d3 e6 7.c3 b5 8.Qe1 Nge7 9.
Na3 Ba6 10.Nc2 Qb6 11.Kh1 O-O 12.g4 b4 13.Bd2 Rab8 14.Qh4 bxc3 15.bxc3 Qb2
16.Rac1 Bc8 17.e4 Ba6 18.Nce1 dxe4 19.Ng5 h6 20.Nxe4 f5 21.Rc2 Qb6 22.Ng3 
Rbd8 23.g5 hxg5 24.fxg5 Bxd3 25.Nxd3 Rxd3 26.Ne2 Rfd8 27.Qe1 e5 28.Ng1 Qc7
29.Be3 Qd6 30.Qf2 e4 31.Bxc5 Qc7 32.Ne2 Nd5 33.Nd4 Nxd4 34.cxd4 Ne3 35.
Rcc1 Nxf1 36.Qxf1 Qd7 37.h4 Bxd4 38.Bb4 Bb2 39.Rb1 Rd1 40.Rxd1 Qxd1 41.Bc5
Qc2 42.Qb5 Rd1+ 43.Bg1 Qf2 44.Qb3+ Kh8 45.Qxd1 Qxh4+ 46.Bh2 Qxg5 47.Qd5 
Qe7 48.Bf1 e3 49.Bc4 Kh7 50.Qg8+ Kh6 51.Bf4+ g5 52.Bxg5+ Qxg5 53.Qxg5+ 
Kxg5 54.Kg2 Kf4 55.Ba6 Ke4 56.Bb7+ Kf4 57.Kf1 Ke5 58.Ke2 Kd4 59.Bc6 a5 60.
Bd7 f4 61.Bc6 Kc3 62.a4 Kb3 63.Bb5 Kb4 64.Bc6 1/2-1/2

[Event "4NCL Division 2a"]
[Site "Birmingham, ENG ENG"]
[Date "2016.01.24"]
[Round "4.245"]
[White "Padilla Cabero, Pablo"]
[Black "Habershon, Paul F"]
[Result "1-0"]
[WhiteElo "2161"]
[BlackElo "2050"]
[PlyCount "109"]
[EventDate "2016.01.24"]
[WhiteTeam "Brown Jack Witney"]
[BlackTeam "MK Phoenix 1"]

1. e4 Nf6 2. e5 Nd5 3. g3 d6 4. exd6 exd6 5. Bg2 Nf6 6. Ne2 Be7 7. O-O O-O 8.
d4 d5 9. Nf4 Bf5 10. Re1 c6 11. Nd2 Nbd7 12. a4 Re8 13. Nf1 h6 14. Ne3 Bh7 15.
Bh3 Bf8 16. Nfg2 Ne4 17. Nh4 Ng5 18. Bg2 Nf6 19. f3 Qd7 20. g4 Bd6 21. Nhf5 Bc7
22. Bd2 Ne6 23. Bb4 Nf4 24. Bf1 Re6 25. Qd2 Rae8 26. Qf2 Bb8 27. Bd2 Bxf5 28.
Nxf5 Kh7 29. Re3 g6 30. Ng3 Rxe3 31. Bxe3 Re6 32. Qd2 Qc7 33. a5 a6 34. Ra3 Re7
35. Rb3 h5 36. g5 Ne8 37. Qb4 h4 38. Bxf4 Qxf4 39. Qxe7 hxg3 40. hxg3 Qxg3+ 41.
Bg2 Ng7 42. Rxb7 Bf4 43. Qe2 Kg8 44. Qe7 Kh7 45. Kf1 Bd2 46. c3 Bxg5 47. Qxf7
Bh6 48. Re7 Qg5 49. Re2 Qc1+ 50. Kf2 Bg5 51. f4 Bxf4 52. Kf3 Bg5 53. Re8 Qd1+
54. Kg3 Qd3+ 55. Bf3 1-0

[Event "4NCL Division 2a"]
[Site "Birmingham, ENG ENG"]
[Date "2016.01.24"]
[Round "4.246"]
[White "Lambourne, Dan M"]
[Black "Hackett, Dave G"]
[Result "1/2-1/2"]
[WhiteElo "1990"]
[BlackElo "2134"]
[EventDate "2016.01.24"]
[PlyCount "42"]
[WhiteTeam "MK Phoenix 1"]
[BlackTeam "Brown Jack Witney"]

1.Nf3 Nf6 2.g3 g6 3.Bg2 Bg7 4.c4 O-O 5.Nc3 d6 6.O-O Nc6 7.d4 e5 8.d5 Ne7 
9.e4 h6 10.Ne1 Nh7 11.Nd3 f5 12.f3 g5 13.Bd2 f4 14.g4 h5 15.h3 Rf6 16.Kf2 
Rh6 17.Rh1 Ng6 18.Ke2 Nf6 19.Nf2 Bd7 20.Qf1 Kf7 21.Kd3 Rh7 1/2-1/2

[Event "4NCL Division 2a"]
[Site "Birmingham, ENG ENG"]
[Date "2016.01.24"]
[Round "4.247"]
[White "Girdlestone, Paul C"]
[Black "Smith, Graham"]
[Result "1-0"]
[WhiteElo "2123"]
[BlackElo "2021"]
[EventDate "2016.01.24"]
[PlyCount "65"]
[WhiteTeam "Brown Jack Witney"]
[BlackTeam "MK Phoenix 1"]

1.d4 Nc6 2.d5 Ne5 3.f4 Ng6 4.e4 e5 5.dxe6 fxe6 6.Bd3 Bc5 7.Qe2 N8e7 8.Nh3 
Nc6 9.g3 Qe7 10.e5 Nf8 11.c3 d5 12.b4 Bb6 13.Ba3 Nd8 14.Rf1 Bd7 15.Nf2 a5 
16.b5 Bc5 17.Bc1 b6 18.a4 Nb7 19.Nd2 O-O-O 20.Nb3 Be8 21.Bc2 Bg6 22.Nd3 
Bxd3 23.Qxd3 Nd7 24.Nd4 Bxd4 25.cxd4 Qb4+ 26.Ke2 Qe7 27.Ba3 Qf7 28.Rac1 
Qh5+ 29.Qf3 Qf7 30.Qc3 Nf8 31.f5 Qh5+ 32.Ke1 Qxh2 33.fxe6 1-0

[Event "4NCL Division 2a"]
[Site "Birmingham, ENG ENG"]
[Date "2016.01.24"]
[Round "4.248"]
[White "Freeman, Richard C P"]
[Black "Shaw, Meyrick"]
[Result "1/2-1/2"]
[WhiteElo "2009"]
[BlackElo "2027"]
[EventDate "2016.01.24"]
[PlyCount "85"]
[WhiteTeam "MK Phoenix 1"]
[BlackTeam "Brown Jack Witney"]

1.f4 d5 2.Nf3 Nf6 3.e3 Bg4 4.Be2 c6 5.O-O Nbd7 6.b3 e6 7.Ne5 Bxe2 8.Qxe2 
Bd6 9.Bb2 Qc7 10.d4 Ne4 11.Nd2 Ndf6 12.Ndf3 h6 13.c4 Qe7 14.c5 Bc7 15.b4 
O-O 16.a4 Bxe5 17.Nxe5 Nd7 18.Nd3 Qh4 19.Bc1 f5 20.Bd2 Kh7 21.Be1 Qe7 22.
Qh5 g6 23.Qe2 Rg8 24.Kh1 Rg7 25.Rf3 g5 26.fxg5 Qxg5 27.Bg3 Rag8 28.Rg1 Qh5
29.Nf4 Nxg3+ 30.Rxg3 Qxe2 31.Nxe2 Nf6 32.Rxg7+ Rxg7 33.Nf4 Ng4 34.Re1 Re7 
35.Nd3 Kg7 36.h3 Nf6 37.Ne5 Ne4 38.Kg1 Kf6 39.Kf1 Rg7 40.Ra1 Rg3 41.Nf3 
Rg7 42.Rc1 a6 43.Rc2 1/2-1/2